000 00487nam a2200169 i 4500
001 141075
003 ES-MaACL
005 20230906200221.0
007 t|
008 070919s1907 gw ||||1| ger d
100 1 _aWedekind, Frank.
_9116281
245 1 0 _aSo ist das Leben
_b: Schauspiel in 5 Akten /
_cFrank Wedekind.
250 _a2.Aufl.
260 _aMünchen :
_bLangen,
_c1907.
300 _a133 p. ;
_c18 cm.
852 _aES-MaACL
_jG-217(2)
_q. - Encuadernado con otras obras
999 _c141075
_d141075